[Event "Let's Play Chess!"]
[Site "http://www.queenalice.com/game.php?id=70867"]
[Date "2006.5.23"]
[Round "-"]
[White "gillou"]
[Black "carlog"]
[Result "1/2-1/2"]
[WhiteElo "1946"]
[BlackElo "1970"]

1. d4 c5 2. d5 f5 3. Bg5 Qb6 4. Qc1 h6 5. Bf4 Nf6 6. c4 d6 7. e3 g5 8. Bg3 Bg7
9. Nc3 Ne4 10. Nge2 Qb4 11. f3 Nxc3 12. Nxc3 Nd7 13. Qd2 Ne5 14. Bxe5 Bxe5 15.
Bd3 Bd7 16. O-O O-O 17. f4 gxf4 18. exf4 Bd4+ 19. Kh1 Rf7 20. Rf3 Rg7 21. Re1 a6
22. a3 Bxc3 23. Qxc3 Qxc3 24. bxc3 b5 25. Rfe3 bxc4 26. Bxc4 Bb5 27. Bb3 Kf8 28.
Re6 Rh7 29. Bc2 Bd7 30. R6e3 Rb8 31. c4 Rb2 32. Bd1 Rg7 33. g3 h5 34. R1e2 Rb1
35. Re1 h4 36. Kg2 hxg3 37. hxg3 a5 38. Bc2 Rb2 39. R1e2 Ke8 40. Rb3 Rxb3 41.
Bxb3 Kf7 42. Bd1 e6 43. Rb2 exd5 44. cxd5 Rg8 45. Rb7 Ke7 46. Ba4 Rd8 47. Kf3
Ke8 48. Rxd7 Rxd7 49. Ke3 Ke7 50. Bxd7 Kxd7 51. Kd3 Kc7 52. Kc4 Kb6 53. a4 Ka6
54. Kd3 1/2-1/2

[Event "Defio!"]
[Site "http://www.queenalice.com/game.php?id=70885"]
[Date "2006.5.23"]
[Round "-"]
[White "Xavier"]
[Black "carlog"]
[Result "0-1"]
[WhiteElo "1600"]
[BlackElo "1968"]

1. b3 e5 2. d4 exd4 3. Qxd4 Nc6 4. Qe4+ Qe7 5. Qc4 Nf6 6. Bg5 d5 7. Bxf6 Qxf6 8.
Qc3 Bb4 9. Kd2 Qd4+ 10. Kc1 Bxc3 11. Nxc3 Qxc3 12. Rb1 Nb4 13. Rb2 Qe1# 0-1

[Event "Let's Play Chess!"]
[Site "http://www.queenalice.com/game.php?id=71729"]
[Date "2006.5.26"]
[Round "-"]
[White "carlog"]
[Black "yetiyare"]
[Result "1-0"]
[WhiteElo "1969"]
[BlackElo "1278"]

1. Nc3 e5 2. Nf3 Nc6 3. d4 d5 4. dxe5 Bg4 5. Qxd5 Qxd5 6. Nxd5 O-O-O 7. e4 Nb4
8. Nxb4 Bxb4+ 9. c3 Bc5 10. Bc4 f6 11. e6 Ne7 12. h3 Bxf3 13. gxf3 f5 14. Rg1 g6
15. Bg5 h6 16. Bxe7 Bxe7 17. Rxg6 Rdg8 18. exf5 Rxg6 19. fxg6 Rg8 20. Bd3 c5 21.
Ke2 b5 22. Rg1 c4 23. Be4 Kc7 24. Rd1 a5 25. Rd7+ Kc8 26. Rxe7 Kd8 27. Ra7 Re8
28. Ra8+ Ke7 29. Rxe8+ Kxe8 30. g7 1-0

[Event "Let's Play Chess!"]
[Site "http://www.queenalice.com/game.php?id=73118"]
[Date "2006.5.31"]
[Round "-"]
[White "Girb"]
[Black "carlog"]
[Result "0-1"]
[WhiteElo "1420"]
[BlackElo "1971"]

1. Nf3 d5 2. e3 Nf6 3. d4 e6 4. Nc3 c5 5. Bb5+ Bd7 6. dxc5 Bxc5 7. Ne5 O-O 8.
O-O a6 9. Bd3 Nc6 10. f4 Qc7 11. Nxd7 Nxd7 12. Qh5 Nf6 13. Qf3 b5 14. a3 Rad8
15. b4 Ba7 16. Bd2 e5 17. fxe5 Nxe5 18. Qg3 Qe7 19. Rae1 Ne4 20. Bxe4 dxe4 21.
Nxe4 Ng6 22. Qg4 Rfe8 23. Nf6+ gxf6 24. Bc3 Rd6 25. Rf3 Qe4 26. Qxe4 Rxe4 27.
Bxf6 Rde6 28. Kf2 Bxe3+ 29. Rexe3 Rxe3 30. Rxe3 Rxf6+ 0-1

[Event "Let's Play Chess!"]
[Site "http://www.queenalice.com/game.php?id=74866"]
[Date "2006.6.7"]
[Round "-"]
[White "RafmasterX"]
[Black "carlog"]
[Result "0-1"]
[WhiteElo "1440"]
[BlackElo "1973"]

1. d4 c5 2. d5 f5 3. c4 Nf6 4. Nc3 g6 5. Nf3 d6 6. e3 Bg7 7. Bd3 O-O 8. O-O Nbd7
9. a4 Ng4 10. Ng5 Nde5 11. e4 f4 12. f3 Nxd3 13. Qxd3 Bd4+ 0-1

[Event "Challenge"]
[Site "http://www.queenalice.com/game.php?id=76232"]
[Date "2006.6.13"]
[Round "-"]
[White "carlog"]
[Black "alberto"]
[Result "1-0"]
[WhiteElo "1993"]
[BlackElo "1183"]

1. Nc3 Nf6 2. d4 d5 3. Bg5 e6 4. e4 Be7 5. e5 Ne4 6. Bxe7 Nxc3 7. Bxd8 Nxd1 8.
Rxd1 Kxd8 9. Nf3 b6 10. Bd3 h6 11. h4 Ba6 12. h5 c5 13. c3 Bxd3 14. Rxd3 c4 15.
Re3 b5 16. Rh4 a5 17. Rg4 Rg8 18. Nh4 Ke7 19. Reg3 Kf8 20. f4 Nc6 21. f5 b4 22.
fxe6 fxe6 23. Ng6+ Kf7 24. Rf3+ Ke8 25. Rgf4 Kd7 26. Nf8+ Kc8 27. Nxe6 bxc3 28.
bxc3 Rb8 29. Rf8+ Kb7 30. Rxg8 Rxg8 31. Rf7+ Kb6 32. Rxg7 1-0

[Event "Challenge"]
[Site "http://www.queenalice.com/game.php?id=76256"]
[Date "2006.6.13"]
[Round "-"]
[White "carlog"]
[Black "paulmaster"]
[Result "1-0"]
[WhiteElo "1995"]
[BlackElo "1797"]

1. Nc3 d5 2. e4 d4 3. Nce2 e5 4. Ng3 Nf6 5. Nf3 Bg4 6. Bc4 Bxf3 7. Qxf3 Be7 8.
Nf5 O-O 9. Qg3 Nh5 10. Qxe5 Nc6 11. Nxe7+ Qxe7 12. Qxh5 1-0

[Event "Open"]
[Site "http://www.queenalice.com/game.php?id=80032"]
[Date "2006.6.26"]
[Round "-"]
[White "Jsouza"]
[Black "carlog"]
[Result "0-1"]
[WhiteElo "1794"]
[BlackElo "1985"]

1. e4 e6 2. d4 d5 3. e5 c5 4. Qg4 cxd4 5. Qxd4 Nc6 6. Bb5 Ne7 7. Bg5 Qa5+ 8. Nc3
Nf5 9. Qd2 d4 10. Rd1 f6 11. exf6 dxc3 12. Qd8+ Qxd8 0-1

[Event "Can anyone beat me please?"]
[Site "http://www.queenalice.com/game.php?id=80046"]
[Date "2006.6.26"]
[Round "-"]
[White "carlog"]
[Black "PlatinumRook"]
[Result "1-0"]
[WhiteElo "2003"]
[BlackElo "1720"]

1. Nc3 d5 2. e4 d4 3. Nce2 e5 4. Ng3 Be6 5. Nf3 f6 6. Bb5+ c6 7. Ba4 Na6 8. O-O
Bc5 9. d3 Qd7 10. a3 Ne7 11. Nh4 O-O-O 12. b4 g5 13. Nhf5 Bxf5 14. Nxf5 Nxf5 15.
exf5 Bd6 16. Qf3 h5 17. Rb1 Nc7 18. Bb3 1-0

[Event "I challenge you!"]
[Site "http://www.queenalice.com/game.php?id=85236"]
[Date "2006.7.12"]
[Round "-"]
[White "NinjaX"]
[Black "carlog"]
[Result "1-0"]
[WhiteElo "1924"]
[BlackElo "2010"]

1. d4 c5 2. Nc3 cxd4 3. Qxd4 Nc6 4. Qa4 Nf6 5. e4 e5 6. Bb5 Be7 7. Nf3 d6 8.
Bxc6+ bxc6 9. Qxc6+ Bd7 10. Qa6 O-O 11. O-O Qc7 12. Bg5 Bc6 13. Bxf6 Bxf6 14.
Rfd1 Rab8 15. b3 Rb6 16. Qc4 Rc8 17. Rac1 Qd7 18. Qd3 Bb7 19. Nd5 Bxd5 20. Qxd5
Qe6 21. Qd3 a5 22. c4 Be7 23. Ne1 a4 24. Nc2 axb3 25. axb3 h6 26. Rb1 Rcb8 27.
Ne3 Bf8 28. Nd5 R6b7 29. b4 g6 30. b5 f5 31. f3 fxe4 32. Qxe4 1-0

[Event "Let's Play Chess!"]
[Site "http://www.queenalice.com/game.php?id=86964"]
[Date "2006.7.17"]
[Round "-"]
[White "chess99"]
[Black "carlog"]
[Result "0-1"]
[WhiteElo "1374"]
[BlackElo "2008"]

1. c4 f5 2. Nc3 Nf6 3. g3 e6 4. Bg2 d5 5. e3 Be7 6. b3 O-O 7. Bb2 c6 8. d3 Nbd7
9. Nge2 Qe8 10. e4 fxe4 11. dxe4 dxc4 12. bxc4 e5 13. O-O Ng4 14. Qe1 Bc5 15.
Nd1 Nb6 16. h3 Nxf2 17. Nxf2 Nxc4 18. Bc3 Ne3 0-1

[Event "Let's Play Chess!"]
[Site "http://www.queenalice.com/game.php?id=87788"]
[Date "2006.7.20"]
[Round "-"]
[White "centroid"]
[Black "carlog"]
[Result "0-1"]
[WhiteElo "1795"]
[BlackElo "2018"]

1. e4 e6 2. d4 d5 3. Nc3 Bb4 4. e5 Qd7 5. Bd2 b6 6. a3 Bxc3 7. Bxc3 Ba6 8. Bxa6
Nxa6 9. Qe2 Nb8 10. O-O-O Ne7 11. g4 c5 12. b3 cxd4 13. Bxd4 Nbc6 14. c3 Nxd4
15. Rxd4 Nc6 16. Rd3 Na5 17. c4 Qc6 18. Qf3 Rc8 19. Rc3 dxc4 20. Qxc6+ Rxc6 21.
bxc4 Rxc4 22. Ne2 Ke7 23. Kb2 Rd8 24. Kc2 Rxg4 25. Rg3 Rxg3 26. hxg3 h6 27. f4
Nc4 28. Kb3 Na5+ 29. Kb4 Rd2 30. Re1 Rb2+ 31. Ka4 Nc4 32. Nd4 a6 33. Nb3 b5+ 34.
Kb4 Nd2 35. Re3 a5+ 36. Kc3 Rxb3+ 37. Kxd2 Rxe3 38. Kxe3 Kd7 39. Kd4 Kc6 40. Kc3
Kc5 0-1

[Event "Let's Play Chess!"]
[Site "http://www.queenalice.com/game.php?id=87789"]
[Date "2006.7.20"]
[Round "-"]
[White "carlog"]
[Black "centroid"]
[Result "1-0"]
[WhiteElo "2010"]
[BlackElo "1820"]

1. Nc3 d5 2. e4 Nf6 3. e5 Nfd7 4. e6 fxe6 5. Nf3 d4 6. Nxd4 e5 7. Ne6 Nc6 8.
Nxd8 Nxd8 9. Bd3 g6 10. O-O a6 11. Nd5 Ne6 12. f4 exf4 13. Nxf4 Nf6 14. Nxe6
Bxe6 15. b3 Bg7 16. Bb2 O-O-O 17. Qe2 Rd6 18. Bxf6 Bxf6 19. Rae1 Bd7 20. c3 Rg8
21. Bc4 Rg7 22. d4 h5 23. Bd3 Bc6 24. Be4 Be8 25. Qf3 Bd7 26. Bxb7+ Kd8 27. d5
Bb5 28. c4 Bd4+ 29. Kh1 Rf6 30. Qd3 c5 31. Rxf6 exf6 32. cxb5 Rxb7 33. bxa6 Rd7
34. Qb5 Rxd5 35. a7 Be5 36. a8=Q+ Ke7 37. Qae8+ 1-0

[Event "Vença o Pato"]
[Site "http://www.queenalice.com/game.php?id=88883"]
[Date "2006.7.24"]
[Round "-"]
[White "Pato"]
[Black "carlog"]
[Result "1-0"]
[WhiteElo "2012"]
[BlackElo "2025"]

1. Na3 d5 2. e3 e5 3. b3 Nf6 4. c4 d4 5. Nf3 c5 6. Nxe5 Bd6 7. Nf3 dxe3 8. dxe3
O-O 9. Be2 Nc6 10. Nb5 Bb8 11. O-O Qe7 12. Bb2 Rd8 13. Qc1 Ne4 14. Rd1 Rxd1+ 15.
Qxd1 Bg4 16. h3 Bxf3 17. Bxf3 Ng5 18. Bg4 h5 19. Bxh5 a6 20. Nc3 Qe5 21. Qd5
Qh2+ 22. Kf1 Ne6 23. Qf5 Ne5 24. Nd5 g6 25. Ne7+ Kh7 26. Bxg6+ fxg6 27. Qxe6
Qh1+ 28. Ke2 Qxg2 29. Bxe5 Bxe5 30. Qxe5 Rf8 31. Qg3 Qe4 32. Qxg6+ Qxg6 33. Nxg6
Kxg6 34. Rd1 1-0

[Event "Vença o Pato"]
[Site "http://www.queenalice.com/game.php?id=88884"]
[Date "2006.7.24"]
[Round "-"]
[White "Pato"]
[Black "carlog"]
[Result "1-0"]
[WhiteElo "2024"]
[BlackElo "2008"]

1. g4 d5 2. Bg2 Bxg4 3. c4 c6 4. Qb3 Qc7 5. Nc3 d4 6. Ne4 e5 7. d3 Nd7 8. Nf3
Ngf6 9. Nfg5 Be7 10. e3 O-O 11. exd4 exd4 12. Bd2 Nxe4 13. Nxe4 Rfe8 14. O-O Ne5
15. f3 Bh5 16. Bf4 f6 17. Bg3 Qd7 18. Rae1 Bf7 19. Qd1 Bb4 20. Re2 a5 21. a3 Bf8
22. Rfe1 Bh5 23. Rf2 b5 24. cxb5 cxb5 25. Qd2 b4 26. Bxe5 fxe5 27. Qg5 Bg6 28.
f4 exf4 29. Rxf4 bxa3 30. bxa3 Bxa3 31. h4 Be7 32. Qg3 a4 33. h5 Bxh5 34. Nf6+
Bxf6 35. Bxa8 Rxa8 36. Rxf6 Bg6 37. Rd6 Qc7 38. Rxg6 Qf7 39. Rb6 a3 40. Rb8+
Rxb8 41. Qxb8+ 1-0

[Event "Challenge"]
[Site "http://www.queenalice.com/game.php?id=90140"]
[Date "2006.7.28"]
[Round "-"]
[White "NextFuture"]
[Black "carlog"]
[Result "1-0"]
[WhiteElo "2007"]
[BlackElo "1993"]

1. d4 c5 2. d5 f5 3. e4 fxe4 4. f3 Nf6 5. Nc3 exf3 6. Nxf3 d6 7. Bb5+ Kf7 8. O-O
h6 9. Qe2 a6 10. Bd3 e5 11. dxe6+ Bxe6 12. Nh4 Qd7 13. Ng6 Rg8 14. Qh5 Ke8 15.
Ne5+ Nxh5 16. Bg6+ Kd8 17. Nxd7 Nxd7 18. Bxh5 Nf6 19. Bg6 Be7 20. Bd2 d5 21.
Rae1 d4 22. Rxe6 dxc3 23. Bxc3 Kd7 24. Bf7 Rae8 25. Rd1+ Kc8 26. Bxf6 1-0

[Event "Challenge"]
[Site "http://www.queenalice.com/game.php?id=90141"]
[Date "2006.7.28"]
[Round "-"]
[White "carlog"]
[Black "NextFuture"]
[Result "0-1"]
[WhiteElo "1957"]
[BlackElo "1944"]

1. Nc3 d5 2. e4 d4 3. Nce2 c5 4. Ng3 Nc6 5. Nf3 Qc7 6. Bc4 Nf6 7. O-O a6 8. a4
Bg4 9. h3 Bxf3 10. Qxf3 Ne5 11. Qe2 e6 12. f4 Nxc4 13. Qxc4 Qc6 14. d3 Be7 15.
Bd2 O-O 16. a5 Qb5 17. b3 Nd7 18. f5 Ne5 19. Qxb5 axb5 20. Nh5 Ra6 21. f6 gxf6
22. Nxf6+ Bxf6 23. Rxf6 Nd7 24. Rf3 e5 25. Raf1 Kg7 26. Rg3+ Rg6 27. Rxg6+ hxg6
28. b4 c4 29. dxc4 bxc4 30. b5 c3 31. Bg5 Ra8 32. Ra1 Nc5 33. Be7 Nxe4 34. a6
bxa6 35. Rxa6 Rb8 36. b6 Rb7 37. Ba3 Nd2 38. Bc5 Nc4 39. Ra7 Rxb6 40. Bxb6 Nxb6
41. Kf1 Nc4 42. Ra2 Ne3+ 43. Kf2 e4 44. g4 f5 45. g5 f4 46. Ra7+ Kf8 47. Ra2 d3
48. cxd3 exd3 0-1

[Event "Let's Play Chess!"]
[Site "http://www.queenalice.com/game.php?id=100506"]
[Date "2006.8.29"]
[Round "-"]
[White "fatharry"]
[Black "carlog"]
[Result "1-0"]
[WhiteElo "1801"]
[BlackElo "1978"]

1. e4 e6 2. d4 d5 3. Nc3 Bb4 4. Bd3 c5 5. exd5 cxd4 6. Bb5+ Kf8 7. Qxd4 Bxc3+ 8.
Qxc3 exd5 9. Be3 Nf6 10. Ne2 a6 11. Ba4 b5 12. Qa3+ Kg8 13. Bxb5 Bb7 14. Ba4 Ng4
15. O-O-O h5 16. f3 Ne5 17. Rhe1 Nc4 18. Qb3 Qc7 19. Bf4 Qb6 20. Nc3 Qxb3 21.
Bxb3 1-0

[Event "Let's Play Chess!"]
[Site "http://www.queenalice.com/game.php?id=100980"]
[Date "2006.8.31"]
[Round "-"]
[White "carlog"]
[Black "Puffer"]
[Result "1-0"]
[WhiteElo "1940"]
[BlackElo "1745"]

1. Nc3 e5 2. Nf3 Nc6 3. d4 exd4 4. Nxd4 Nf6 5. Bg5 Be7 6. Nxc6 bxc6 7. e3 d5 8.
Be2 O-O 9. O-O Rb8 10. Rb1 Re8 11. Qd4 c5 12. Qa4 Bf5 13. Bb5 Nd7 14. Bxe7 Qxe7
15. Nxd5 Qd6 16. Nc3 Ra8 17. Rfd1 Qg6 18. Bxd7 Bxd7 19. Rxd7 Reb8 20. Rbd1 h5
21. Qe4 Qg5 22. h4 Qf6 23. Rxc7 Re8 24. Qa4 a6 25. Rdd7 Rab8 26. Rxf7 Qxf7 27.
Rxf7 Kxf7 28. Qd7+ Kg8 29. Qd5+ Kh8 30. Qxh5+ 1-0

[Event "Let's Play Chess!"]
[Site "http://www.queenalice.com/game.php?id=104438"]
[Date "2006.9.14"]
[Round "-"]
[White "carlog"]
[Black "Puffer"]
[Result "1-0"]
[WhiteElo "1948"]
[BlackElo "1772"]

1. Nc3 e5 2. Nf3 Nc6 3. d4 d6 4. dxe5 dxe5 5. Qxd8+ Kxd8 6. Bd2 f5 7. O-O-O Bd7
8. Bg5+ Be7 9. e4 h6 10. Bxe7+ Ngxe7 11. Bb5 Ke8 12. exf5 Rd8 13. Rhe1 a6 14.
Bxc6 Bxc6 15. Rxd8+ Kxd8 16. Nxe5 Kc8 17. Nxc6 Nxc6 18. g4 Rd8 19. Re4 b5 20. b3
Kb7 21. h4 Rd7 22. f4 b4 23. Na4 Rd5 24. h5 a5 25. Rc4 Rd4 26. Rxd4 Nxd4 27.
Nc5+ Kc6 28. Ne6 1-0

[Event "Let's Play Chess!"]
[Site "http://www.queenalice.com/game.php?id=105084"]
[Date "2006.9.14"]
[Round "-"]
[White "carlog"]
[Black "RafmasterX"]
[Result "0-1"]
[WhiteElo "1978"]
[BlackElo "1857"]

1. Nc3 e5 2. Nf3 d5 3. Nxe5 d4 4. Nb1 Bd6 5. Nc4 Nf6 6. g3 Nc6 7. Bg2 Be6 8.
Nxd6+ Qxd6 9. d3 h6 10. c4 O-O 11. Nd2 a6 12. Ne4 Nxe4 13. Bxe4 f5 14. Bg2 Rab8
15. O-O Ne5 16. a3 Ng6 17. b4 f4 18. c5 Qd7 19. Be4 Rf6 20. e3 Bh3 21. Re1 dxe3
22. fxe3 fxg3 23. hxg3 Rbf8 24. Qh5 Ne7 25. Bb2 Rf2 26. Be5 c6 27. Bf4 Rd2 28.
Re2 Bg4 29. Qxg4 Qxg4 30. Rxd2 Nf5 31. Rg2 g5 32. Bxf5 Qxf5 33. Bd6 Rf7 34. e4
Qe6 35. e5 Rf3 36. d4 Qd5 37. Re1 Qxd4+ 38. Kh2 Kf7 39. e6+ Ke8 40. Be5 Qd3 41.
Ree2 Re3 0-1